| 000 | 00813cam a2200253 4500 | ||
|---|---|---|---|
| 001 | 365658 | ||
| 003 | ARRUPE | ||
| 005 | 20161103111938.0 | ||
| 008 | 700224s1969 ne b 001 0 eng | ||
| 010 | _a 77441798 | ||
| 015 | _aNe69-33 | ||
| 040 |
_aDLC _cDLC _dDLC |
||
| 050 | 0 | 0 |
_aBP134.D35 _bO8 |
| 082 | 0 | 0 | _a297/.23 |
| 100 | 1 |
_aO'Shaughnessy, Thomas J. _927257 |
|
| 245 | 1 | 0 |
_aMuhammad's thoughts on death. _bA thematic study of the Qur'anic data. _cThomas O'Shaughnessy |
| 260 |
_aLeiden, _bE. J. Brill, _c1969. |
||
| 300 |
_aviii, 90 p. _c25 cm. |
||
| 504 | _aBibliography: p. [83]-86. | ||
| 650 | 0 |
_aDeath _xReligious aspects _xIslam _xQurʼanic teaching. _927258 |
|
| 650 | 0 |
_aDeath _xReligious aspects _xIslam. _927259 |
|
| 906 |
_a7 _bcbc _corignew _du _encip _f19 _gy-gencatlg |
||
| 942 |
_2lcc _cMONOGRAPH |
||
| 999 |
_c125662 _d125662 |
||